000 00318nam a2200109Ia 4500
008 200302s9999 xx 000 0 und d
100 _aAuthor
245 _aOrtner & Ortner Bauten Fur Europaische Kultur Buldings for European Culture
260 _bBirkhauser Publishers for Architecture
260 _c2008
300 _a240
999 _c3597
_d3597